Choosing democracy citizen attitudes and the eastern enlargement of the European Union

Enregistré dans:
Détails bibliographiques
Auteur principal: Cichowski, Rachel A.
Format: Livre
Langue:anglais
Publié: San Domenico (FI) European University Institute 2000
Collection:EUI Working paper RSC No. 2000/12
Sujets:
Tags: Ajouter un tag
Pas de tags, Soyez le premier à ajouter un tag!

MARC

LEADER 00000nam a2200000 4500
001 c132053
005 20221123132905.0
041 0 |a eng 
044 |a IT 
245 1 0 |a Choosing democracy  |b citizen attitudes and the eastern enlargement of the European Union  |c Rachel A. Cichowski 
264 1 |a San Domenico (FI)  |b European University Institute  |c 2000 
300 |a 37 s. 
490 1 |a EUI Working paper RSC  |v No. 2000/12 
830 0 |a EUI Working paper RSC  |v No. 2000/12 
610 2 0 |a demokracia 
610 2 0 |a integrácia ekonomická medzinárodná 
610 2 0 |a obyvateľstvo 
610 2 0 |a politika hospodárska 
610 2 0 |a hospodárstvo trhové 
610 2 0 |a Európa 
610 2 0 |a Európska únia 
610 2 0 |a SVE 
100 1 |a Cichowski, Rachel A.